[Event "FIDE World Senior Team Championship 2020"]
[Site "Olympik hotel, Sokolovska 138,"]
[Date "2020.03.08"]
[Round "3.13"]
[White "Arndt, Olaf"]
[Black "Kozak, Karel"]
[Result "1-0"]
[WhiteElo "1887"]
[BlackElo "1856"]
[PlyCount "151"]
[EventDate "2020.03.06"]
[WhiteTeam "GER5"]
[BlackTeam "CZE11"]

1. e4 d6 2. d4 g6 3. Nc3 Bg7 4. h3 c6 5. Nf3 Nf6 6. Bd3 O-O 7. O-O Nfd7 8. a4
a5 9. Ne2 Na6 10. c3 e5 11. Bg5 Qe8 12. Qd2 exd4 13. cxd4 Nb4 14. Bc4 Nb6 15.
Bb3 Be6 16. d5 cxd5 17. exd5 Bxd5 18. Bxd5 N6xd5 19. Nc3 Nb6 20. b3 Qd7 21.
Rad1 d5 22. Be3 Rfc8 23. Bd4 Qd6 24. Nb5 Qd8 25. Bxg7 Kxg7 26. Qd4+ Qf6 27. Nd6
Qxd4 28. Nxd4 Rc7 29. Rfe1 Kf8 30. Re2 Rd7 31. N6b5 Nc6 32. Rc1 Nxd4 33. Nxd4
Rc8 34. Rec2 Ra8 35. Rc7 Ke7 36. Re1+ Kd8 37. Rc5 Nc8 38. Re5 Ne7 39. Rc3 Ra6
40. Rce3 Rb6 41. Nb5 f6 42. Re6 Rxe6 43. Rxe6 f5 44. Rf6 Nc6 45. Rf8+ Ke7 46.
Rc8 d4 47. Kf1 Ke6 48. Ke2 Kd5 49. Kd3 Kc5 50. Na7 Kd5 51. Nxc6 bxc6 52. Ra8
Rb7 53. Rxa5+ c5 54. Kc2 g5 55. Ra8 d3+ 56. Kc3 d2 57. Rd8+ Ke4 58. Rxd2 h5 59.
a5 Ra7 60. Ra2 Kd5 61. a6 h4 62. Ra4 Kc6 63. g3 hxg3 64. fxg3 Kb6 65. h4 f4 66.
hxg5 fxg3 67. Rg4 Kxa6 68. g6 Rg7 69. Kc4 Kb6 70. Rxg3 Kc6 71. Rg5 Kb6 72. Kd5
Kb5 73. Ke6 Rg8 74. g7 Kb4 75. Kf7 Rxg7+ 76. Kxg7 1-0

[Event "FIDE World Senior Team Championship 2020"]
[Site "Olympik hotel, Sokolovska 138,"]
[Date "2020.03.08"]
[Round "3.14"]
[White "Chin, Francis Choy Wan"]
[Black "Netusil, Miloslav"]
[Result "1-0"]
[WhiteElo "1870"]
[BlackElo "2151"]
[PlyCount "105"]
[EventDate "2020.03.06"]
[WhiteTeam "MAS"]
[BlackTeam "CZE7"]

1. d4 Nf6 2. Bf4 g6 3. Nf3 Bg7 4. Nc3 d5 5. e3 O-O 6. Be2 c5 7. Ne5 Nc6 8. O-O
cxd4 9. exd4 Be6 10. Nxc6 bxc6 11. Na4 Qa5 12. Nc5 Ne4 13. Nxe6 fxe6 14. Be3 e5
15. f3 Nd6 16. dxe5 Bxe5 17. c3 Nf5 18. Bf2 Qc7 19. g3 Rab8 20. Qd2 Bg7 21.
Rad1 e5 22. Kg2 Bh6 23. Qc2 Be3 24. Bd3 Bxf2 25. Bxf5 Rxf5 26. Rxf2 Rbf8 27.
Rdf1 Qf7 28. Qe2 Qc7 29. b3 R8f7 30. Qd3 Qb6 31. Qe2 a5 32. g4 Rf4 33. Qxe5 a4
34. Qe8+ Kg7 35. Qe5+ Kg8 36. Qe8+ Kg7 37. b4 Qb5 38. Qe5+ Kg8 39. Qe8+ Kg7 40.
Qe5+ Kg8 41. h3 Qd3 42. Qe8+ Kg7 43. Qxc6 Rc4 44. Qxa4 Qxc3 45. Qa8 Qd3 46. b5
h5 47. Qe8 Rb4 48. Qe5+ Kg8 49. Rc1 Rc4 50. Re1 hxg4 51. hxg4 Rc2 52. Ree2 Rxf3
53. Rxc2 1-0

[Event "FIDE World Senior Team Championship 2020"]
[Site "Olympik hotel, Sokolovska 138,"]
[Date "2020.03.08"]
[Round "3.14"]
[White "Pilar, Miloslav"]
[Black "Muzzaffar, Ahmad"]
[Result "1/2-1/2"]
[WhiteElo "2056"]
[BlackElo "1815"]
[PlyCount "43"]
[EventDate "2020.03.06"]
[WhiteTeam "CZE7"]
[BlackTeam "MAS"]

{[%evp 0,37,19,9,42,33,45,47,37,37,33,45,45,40,73,72,61,25,24,11,18,19,19,1,12,
6,4,1,2,-11,-8,-49,-49,-48,-25,-15,-15,-7,38,-4]} 1. d4 Nf6 2. Nf3 g6 3. c4 Bg7
4. Nc3 d6 5. e4 O-O 6. Be2 Na6 7. O-O e5 8. d5 Nc5 9. Qc2 a5 10. Be3 b6 11. Nd2
Ng4 12. Bxg4 Bxg4 13. f3 Bd7 14. a3 a4 15. b4 axb3 16. Nxb3 f5 17. Nxc5 bxc5
18. a4 Bf6 19. Qd2 f4 20. Bf2 Bh4 21. Bxh4 Qxh4 22. Nb5 1/2-1/2

[Event "FIDE World Senior Team Championship 2020"]
[Site "Olympik hotel, Sokolovska 138,"]
[Date "2020.03.08"]
[Round "3.15"]
[White "Jahn, Constanze"]
[Black "Strutinskaia, Galina"]
[Result "1-0"]
[WhiteElo "2048"]
[BlackElo "2214"]
[PlyCount "57"]
[EventDate "2020.03.06"]
[WhiteTeam "GERW1"]
[BlackTeam "RUSW"]

{[%evp 0,14,33,28,45,59,89,48,79,46,61,48,45,54,37,37,29]} 1. e4 c5 2. Nf3 d6
3. Bb5+ Nd7 4. O-O a6 5. Be2 Ngf6 6. d3 b5 7. a4 Bb7 8. axb5 axb5 9. Rxa8 Qxa8
10. b4 e6 11. Nc3 cxb4 12. Nxb5 Qb8 13. Bb2 Be7 14. Qd2 d5 15. e5 Ng4 16. Qf4
Nh6 17. Nd6+ Bxd6 18. exd6 Nf5 19. Qxb4 O-O 20. Ne5 Rd8 21. Rb1 f6 22. Nxd7
Rxd7 23. Ba3 Nxd6 24. Qb6 Qc8 25. Bxd6 Qxc2 26. Re1 Kf7 27. Bb4 Bc6 28. Bd1 Rb7
29. Qxb7+ 1-0

[Event "FIDE World Senior Team Championship 2020"]
[Site "Olympik hotel, Sokolovska 138,"]
[Date "2020.03.08"]
[Round "3.15"]
[White "Sirotkina, Nina"]
[Black "Mai, Iris"]
[Result "1-0"]
[WhiteElo "2183"]
[BlackElo "2035"]
[PlyCount "58"]
[EventDate "2020.03.06"]
[WhiteTeam "RUSW"]
[BlackTeam "GERW1"]

1. d4 Nf6 2. Bf4 c6 3. c3 d6 4. Qc2 Qa5 5. e4 e5 6. dxe5 dxe5 7. Bg5 Be7 8. Bc4
b5 9. Bb3 Bg4 10. Nd2 Nbd7 11. h3 Bh5 12. Ngf3 O-O 13. O-O Qc7 14. a4 Nc5 15.
axb5 cxb5 16. Bxf6 Bxf6 17. Bd5 Rab8 18. Ra2 Rb6 19. Rfa1 a6 20. Ne1 Be7 21.
Nf1 Bg6 22. Qe2 Qd6 23. Nc2 Ne6 24. Nb4 Nf4 25. Qe1 Qc7 26. Nxa6 Qd7 27. Ne3
Nxh3+ 28. gxh3 Qxh3 29. Qf1 Qh4 {Unreadable - 34 moves} 1-0

[Event "FIDE World Senior Team Championship 2020"]
[Site "Olympik hotel, Sokolovska 138,"]
[Date "2020.03.08"]
[Round "3.15"]
[White "Wolf, Sylvia"]
[Black "Bogumil, Tatiana"]
[Result "1/2-1/2"]
[WhiteElo "2035"]
[BlackElo "2182"]
[PlyCount "29"]
[EventDate "2020.03.06"]
[WhiteTeam "GERW1"]
[BlackTeam "RUSW"]

1. e4 g6 2. d4 Bg7 3. Nc3 c6 4. f4 d6 5. Nf3 Nf6 6. Bd3 a5 7. e5 dxe5 8. fxe5
Nd5 9. O-O O-O 10. Ne4 Nb4 11. c3 Nxd3 12. Qxd3 a4 13. Be3 Bf5 14. Nh4 Bxe4 15.
Qxe4 1/2-1/2

[Event "FIDE World Senior Team Championship 2020"]
[Site "Olympik hotel, Sokolovska 138,"]
[Date "2020.03.08"]
[Round "3.15"]
[White "Fatalibekova, Elena"]
[Black "Jeske, Kirsten"]
[Result "1-0"]
[WhiteElo "2158"]
[BlackElo "1953"]
[PlyCount "69"]
[EventDate "2020.03.06"]
[WhiteTeam "RUSW"]
[BlackTeam "GERW1"]

1. e4 e5 2. Nf3 Nf6 3. d4 exd4 4. e5 Ne4 5. Qxd4 d5 6. exd6 Nxd6 7. Nc3 Nc6 8.
Qf4 Bf5 9. Bb5 Bxc2 10. Bxc6+ bxc6 11. Nd4 Qe7+ 12. Be3 Be4 13. O-O g5 14. Qxg5
Qxg5 15. Bxg5 Bxg2 16. Kxg2 Rg8 17. f4 f6 18. Kh1 fxg5 19. fxg5 Rxg5 20. Rxf8+
Kxf8 21. Ne6+ Ke7 22. Nxg5 h6 23. Re1+ Kf6 24. Nge4+ Nxe4 25. Rxe4 Kf5 26. Rc4
Rg8 27. Rxc6 h5 28. Rc5+ Kg4 29. Kg2 Kh4+ 30. Kf2 Rf8+ 31. Ke3 Rg8 32. Ne4 Rh8
33. Nf6 Rh6 34. Rf5 a5 35. b3 1-0

[Event "FIDE World Senior Team Championship 2020"]
[Site "Olympik hotel, Sokolovska 138,"]
[Date "2020.03.08"]
[Round "3.16"]
[White "Jakel, Wolfgang"]
[Black "Priedite, Ingrida"]
[Result "1/2-1/2"]
[WhiteElo "2260"]
[BlackElo "2038"]
[PlyCount "91"]
[EventDate "2020.03.06"]
[WhiteTeam "GER4"]
[BlackTeam "LAT"]

{[%evp 0,59,33,-17,-27,-24,17,6,29,29,31,31,36,36,43,32,40,40,35,42,34,41,42,
52,65,69,58,53,51,52,79,75,78,69,71,74,106,93,110,106,122,51,96,57,101,24,103,
98,98,138,146,129,119,88,56,68,44,12,9,7,69,58]} 1. c4 e5 2. Nc3 d6 3. Nf3 Nc6
4. d4 exd4 5. Nxd4 Nxd4 6. Qxd4 Nf6 7. g3 Be6 8. Bg2 c6 9. O-O Be7 10. Rd1 O-O
11. b3 Qc7 12. Bb2 Rfd8 13. Rac1 Qa5 14. h3 Bf8 15. e4 Qh5 16. g4 Qa5 17. Qe3
h5 18. g5 Nh7 19. f4 d5 20. Kh1 dxe4 21. Nxe4 Re8 22. Qf3 Rad8 23. Rxd8 Rxd8
24. a3 Bf5 25. b4 Qc7 26. Be5 Qd7 27. Qxh5 Qd3 28. Qf3 Qxf3 29. Bxf3 Bxh3 30.
Rc3 Be7 31. Re3 Bf5 32. c5 f6 33. gxf6 Nxf6 34. Nd6 Bxd6 35. Bxd6 Rd7 36. a4
Kf7 37. b5 Nd5 38. Re5 Bc2 39. Bg4 Rd8 40. Be6+ Kg6 41. Rg5+ Kh6 42. Bf7 Nf6
43. Kg1 g6 44. Rg2 Be4 45. Rg3 Bf5 46. bxc6 1/2-1/2

[Event "FIDE World Senior Team Championship 2020"]
[Site "Olympik hotel, Sokolovska 138,"]
[Date "2020.03.08"]
[Round "3.16"]
[White "Ungure, Liga"]
[Black "Sandten, Ulrich"]
[Result "1/2-1/2"]
[WhiteElo "1923"]
[BlackElo "2100"]
[PlyCount "102"]
[EventDate "2020.03.06"]
[WhiteTeam "LAT"]
[BlackTeam "GER4"]

{[%evp 0,12,33,33,33,-7,6,2,0,0,55,15,63,10,48]} 1. d4 Nf6 2. Bf4 c5 3. e3 Qb6
4. Nc3 cxd4 5. exd4 d6 6. Bc4 e6 7. Qd2 Be7 8. Nge2 Bd7 9. O-O O-O 10. h3 Nc6
11. Be3 d5 12. Bd3 Nb4 13. Nc1 Nxd3 14. Nxd3 Rfc8 15. f3 Be8 16. Ne2 Qc6 17. c3
Nd7 18. Ne5 Qa6 19. Nxd7 Bxd7 20. Nf4 Bd6 21. Nh5 f6 22. Bh6 Bf8 23. Qf4 Qd3
24. Qg4 Qg6 25. Be3 Rc7 26. Qxg6 hxg6 27. Nf4 Kf7 28. Rfe1 g5 29. Nd3 Bb5 30.
Rad1 Bd6 31. Bf2 b6 32. g4 Bc4 33. Nc1 Bf4 34. Be3 Bd6 35. Kg2 Rh8 36. Bf2 Rb7
37. Bg3 Be7 38. Re3 Bb5 39. Rde1 Bd7 40. Nd3 Bd8 41. Rh1 Bb5 42. Rhe1 Bxd3 43.
Rxd3 b5 44. Bd6 Bc7 45. Bxc7 Rxc7 46. a3 Rb8 47. Kg3 a5 48. h4 gxh4+ 49. Kxh4
Rc4 50. Rde3 Rb6 51. Rd3 Rb8 1/2-1/2

[Event "FIDE World Senior Team Championship 2020"]
[Site "Olympik hotel, Sokolovska 138,"]
[Date "2020.03.08"]
[Round "3.16"]
[White "Zimmermann, Rolf"]
[Black "Goldmane, Astra"]
[Result "1-0"]
[WhiteElo "2090"]
[BlackElo "2015"]
[PlyCount "75"]
[EventDate "2020.03.06"]
[WhiteTeam "GER4"]
[BlackTeam "LAT"]

{[%evp 0,72,33,-27,-8,-15,18,-7,21,32,16,-14,7,9,5,9,18,-13,18,18,26,-13,48,39,
39,14,7,21,0,37,28,-5,-5,19,-8,0,23,25,28,20,34,39,42,31,81,87,87,84,81,91,103,
76,121,127,118,120,150,108,103,80,68,84,89,53,41,-9,-1,-19,-19,-24,-24,-24,-17,
-112,-80]} 1. c4 Nf6 2. Nc3 c5 3. g3 g6 4. Bg2 Bg7 5. e3 O-O 6. Nge2 d6 7. b3
Nc6 8. Bb2 e5 9. O-O Bf5 10. d4 Rc8 11. dxc5 dxc5 12. Qxd8 Rfxd8 13. Rfd1 e4
14. h3 h5 15. Rxd8+ Rxd8 16. Rd1 Rxd1+ 17. Nxd1 Nb4 18. Bxf6 Bxf6 19. Ndc3 b6
20. a4 Bg7 21. Nxe4 Nd3 22. Nd6 Bd7 23. Nb5 a6 24. Nc7 Ne1 25. e4 Be5 26. Nd5
b5 27. cxb5 axb5 28. a5 Kf8 29. a6 Bb8 30. Nb6 Ke8 31. Nxd7 Kxd7 32. Bf1 c4 33.
bxc4 bxc4 34. Nc3 Kc6 35. Bxc4 Nf3+ 36. Kg2 Ne5 37. Bd5+ Kc5 38. f4 1-0

[Event "FIDE World Senior Team Championship 2020"]
[Site "Olympik hotel, Sokolovska 138,"]
[Date "2020.03.08"]
[Round "3.16"]
[White "Harlinska, Sandra"]
[Black "Hoehn, Michael"]
[Result "0-1"]
[WhiteElo "1817"]
[BlackElo "2036"]
[PlyCount "72"]
[EventDate "2020.03.06"]
[WhiteTeam "LAT"]
[BlackTeam "GER4"]

{[%evp 0,12,23,12,75,69,80,75,57,34,64,47,40,-25,-14]} 1. e4 d6 2. d4 Nf6 3.
Nc3 c6 4. f4 Qa5 5. Bd3 e5 6. dxe5 dxe5 7. Nf3 Nbd7 8. Qe2 Bd6 9. Bd2 Qc7 10.
O-O-O O-O 11. f5 b5 12. g4 b4 13. Nb1 Qa5 14. g5 Nh5 15. g6 fxg6 16. fxg6 Nf4
17. Bxf4 exf4 18. Bc4+ Kh8 19. Rxd6 Nb6 20. Bb3 Ba6 21. Qg2 c5 22. Qh3 h6 23.
Ng5 c4 24. Nf7+ Rxf7 25. gxf7 Qg5 26. Qf3 cxb3 27. axb3 Rf8 28. Re1 Rxf7 29. e5
Bb7 30. Qd3 Rf8 31. Nd2 f3 32. e6 f2 33. Rf1 Qe5 34. Kb1 Ba6 35. Nc4 Nxc4 36.
Rxa6 Qxb2# 0-1

[Event "FIDE World Senior Team Championship 2020"]
[Site "Olympik hotel, Sokolovska 138,"]
[Date "2020.03.08"]
[Round "3.17"]
[White "Malinovsky, Petr"]
[Black "Yrjola, Jouni"]
[Result "1/2-1/2"]
[WhiteElo "2101"]
[BlackElo "2309"]
[PlyCount "115"]
[EventDate "2020.03.06"]
[WhiteTeam "CZE9"]
[BlackTeam "FIN"]

{[%evp 0,23,23,23,61,6,6,8,51,39,35,28,24,8,35,31,51,28,34,29,57,12,45,8,9,-7]
} 1. d4 d6 2. c4 e5 3. e3 g6 4. Nc3 Bg7 5. Nge2 Nc6 6. d5 Nb8 7. e4 a5 8. Be3
f5 9. f3 Bh6 10. Qd2 Na6 11. O-O-O Bxe3 12. Qxe3 Nf6 13. Kb1 Nc5 14. Ka1 fxe4
15. Nxe4 Ncxe4 16. fxe4 Ng4 17. Qg3 O-O 18. Rg1 Nf2 19. Re1 Nxe4 20. Qe3 Nc5
21. Nc3 a4 22. g4 Bd7 23. Be2 Qh4 24. Ref1 Rxf1+ 25. Rxf1 Rf8 26. h3 Rf4 27.
Kb1 Qf6 28. Rf3 g5 29. Bd1 Be8 30. b4 axb3 31. axb3 Nxb3 32. Ne4 Bg6 33. Rxf4
Qxf4 34. Qxb3 Bxe4+ 35. Bc2 Bxc2+ 36. Qxc2 e4 37. Qa4 Qe5 38. Qa8+ Kf7 39. Qxb7
Qe7 40. Kc2 Kg6 41. Kd2 Qg7 42. Qc8 Qb2+ 43. Kd1 Qb1+ 44. Kd2 Qd3+ 45. Ke1 Qg3+
46. Kd1 Qg1+ 47. Ke2 Qg2+ 48. Ke1 Qg3+ 49. Kd1 Qd3+ 50. Ke1 Qe3+ 51. Kd1 Qd4+
52. Ke1 Qc3+ 53. Kd1 Qa1+ 54. Ke2 Qa2+ 55. Kd1 Qb3+ 56. Ke1 Qb4+ 57. Kd1 Qb1+
58. Kd2 1/2-1/2

[Event "FIDE World Senior Team Championship 2020"]
[Site "Olympik hotel, Sokolovska 138,"]
[Date "2020.03.08"]
[Round "3.17"]
[White "Asomaki, Pekka"]
[Black "Kastner, Oldrich"]
[Result "0-1"]
[WhiteElo "2122"]
[BlackElo "1965"]
[PlyCount "84"]
[EventDate "2020.03.06"]
[WhiteTeam "FIN"]
[BlackTeam "CZE9"]

{[%evp 0,24,23,41,75,75,86,64,41,38,52,14,16,11,14,23,43,29,46,37,47,38,23,29,
34,45,42]} 1. e4 c5 2. Nf3 d6 3. Bb5+ Bd7 4. Bxd7+ Qxd7 5. c4 Nf6 6. Nc3 Nc6 7.
d4 cxd4 8. Nxd4 e6 9. O-O Be7 10. b3 O-O 11. Be3 Rfd8 12. Rc1 Rac8 13. Qf3 b6
14. Nxc6 Qxc6 15. Rfd1 Qb7 16. h3 Rd7 17. Rd3 Rcd8 18. Rcd1 Qc6 19. Bd4 a6 20.
a4 Ne8 21. Qe3 Rb7 22. f4 Rdd7 23. Qe2 Nf6 24. Rg3 e5 25. Be3 Nxe4 26. Nxe4
Qxe4 27. fxe5 dxe5 28. Rxd7 Rxd7 29. Rxg7+ Kf8 30. Rg3 Qb1+ 31. Kh2 Rd1 32.
Bh6+ Ke8 33. Rg8+ Kd7 34. Qf3 Rh1+ 35. Kg3 Qe1+ 36. Kg4 Qh4+ 37. Kf5 Qf6+ 38.
Ke4 Qxh6 39. Kd3 Qd6+ 40. Kc2 e4 41. Qg4+ Qe6 42. Qe2 Ra1 0-1

[Event "FIDE World Senior Team Championship 2020"]
[Site "Olympik hotel, Sokolovska 138,"]
[Date "2020.03.08"]
[Round "3.17"]
[White "Paldus, Petr"]
[Black "Kopsa, Petri"]
[Result "1-0"]
[WhiteElo "2008"]
[BlackElo "2085"]
[PlyCount "121"]
[EventDate "2020.03.06"]
[WhiteTeam "CZE9"]
[BlackTeam "FIN"]

{[%evp 0,62,45,41,39,36,47,22,26,26,52,25,25,19,18,16,30,19,16,25,14,11,22,17,
14,14,10,10,28,-33,-36,-35,-9,-16,-16,-16,25,-11,-6,-17,0,-13,-3,-5,0,-1,23,0,
0,0,10,9,12,12,9,9,10,13,23,20,12,33,40,42,36]} 1. e4 e6 2. d4 d5 3. exd5 exd5
4. Nf3 Nc6 5. Bd3 Bd6 6. O-O Nge7 7. c3 h6 8. Re1 O-O 9. Nbd2 Bf5 10. Nf1 Re8
11. Ng3 Bxd3 12. Qxd3 Qd7 13. Bd2 Qg4 14. Ne5 Bxe5 15. dxe5 Ng6 16. h3 Ngxe5
17. Qxd5 Qg6 18. Qe4 Qxe4 19. Rxe4 Nd3 20. Rxe8+ Rxe8 21. b3 Rd8 22. Be3 Nb2
23. Kf1 Nd1 24. Bd4 Nxd4 25. Rxd1 Ne6 26. Rxd8+ Nxd8 27. Nf5 Ne6 28. Ke2 Nf4+
29. Kf3 Nd3 30. Ke3 Nc5 31. g4 Kf8 32. f4 Ne6 33. Nd4 Ke7 34. h4 Nxd4 35. Kxd4
Kd6 36. b4 f6 37. c4 g5 38. c5+ Ke6 39. hxg5 hxg5 40. fxg5 fxg5 41. a4 a6 42.
c6 b5 43. axb5 axb5 44. Ke4 Kd6 45. Kf5 Kxc6 46. Kxg5 Kd5 47. Kf6 c5 48. g5
cxb4 49. g6 b3 50. g7 Kd4 51. g8=Q Kc3 52. Qc8+ Kb2 53. Qc5 Ka2 54. Qxb5 b2 55.
Qa4+ Kb1 56. Ke5 Kc1 57. Qc4+ Kd2 58. Qb3 Kc1 59. Qc3+ Kb1 60. Kd4 Ka2 61. Qc2
1-0

[Event "FIDE World Senior Team Championship 2020"]
[Site "Olympik hotel, Sokolovska 138,"]
[Date "2020.03.08"]
[Round "3.17"]
[White "Tahkavuori, Tapani"]
[Black "Danek, Pavel"]
[Result "1-0"]
[WhiteElo "2064"]
[BlackElo "1882"]
[PlyCount "101"]
[EventDate "2020.03.06"]
[WhiteTeam "FIN"]
[BlackTeam "CZE9"]

{[%evp 0,8,16,23,13,20,20,0,45,-3,70]} 1. d4 d5 2. Nf3 e6 3. c4 c6 4. g3 f5 5.
Bg2 Nf6 6. O-O Be7 7. Nc3 O-O 8. b3 Ne4 9. Bb2 Nxc3 10. Bxc3 Nd7 11. Qd3 Nb6
12. Ne5 Nd7 13. Nxd7 Bxd7 14. f3 Bd6 15. e4 f4 16. e5 Be7 17. Bh3 Rc8 18. Rac1
Bg5 19. Rc2 Qe7 20. a3 b6 21. cxd5 exd5 22. Bb4 c5 23. Bxd7 Qxd7 24. dxc5 bxc5
25. Bxc5 Rxc5 26. Rxc5 fxg3 27. Qxd5+ Qxd5 28. Rxd5 gxh2+ 29. Kxh2 Bf4+ 30. Kg2
Rf5 31. Re1 Kf8 32. Re4 h5 33. Ra5 h4 34. Kh3 Bg3 35. Kg4 Rf7 36. e6 Rb7 37.
e7+ Ke8 38. Rh5 Rxe7 39. Rxe7+ Kxe7 40. Rb5 Bf2 41. Rb7+ Kf6 42. b4 Kg6 43. f4
Kf6 44. Rc7 g6 45. a4 Ke6 46. Rc6+ Kf7 47. a5 Kg7 48. b5 Kh6 49. f5 h3 50.
Rxg6+ Kh7 51. Kxh3 1-0

[Event "FIDE World Senior Team Championship 2020"]
[Site "Olympik hotel, Sokolovska 138,"]
[Date "2020.03.08"]
[Round "3.18"]
[White "Berg, Anders Hoyer"]
[Black "Jhunjhnuwala, Ramesh"]
[Result "1-0"]
[WhiteElo "2036"]
[BlackElo "2143"]
[PlyCount "57"]
[EventDate "2020.03.06"]
[WhiteTeam "NOR2"]
[BlackTeam "USA3"]

1. e4 c5 2. c3 d5 3. exd5 Qxd5 4. d4 cxd4 5. cxd4 Nc6 6. Nf3 Bg4 7. Nc3 Qa5 8.
d5 Nb8 9. h3 Bd7 10. Bc4 b5 11. Bb3 b4 12. Ne2 Nf6 13. O-O g6 14. Re1 Bg7 15.
Ng3 O-O 16. Rxe7 Na6 17. Bg5 Nc5 18. Ne5 Rad8 19. Rxd7 Rxd7 20. Bxf6 Bxf6 21.
Nxd7 Nxd7 22. Qc2 Nc5 23. Rd1 Rd8 24. Ne4 Nxe4 25. Qxe4 Qc5 26. d6 Rxd6 27.
Qe8+ Kg7 28. Qxf7+ Kh6 29. Qf8+ 1-0

[Event "FIDE World Senior Team Championship 2020"]
[Site "Olympik hotel, Sokolovska 138,"]
[Date "2020.03.08"]
[Round "3.18"]
[White "Jhunjhnuwala, Naresh"]
[Black "Johnsen, Sylvia"]
[Result "1-0"]
[WhiteElo "2085"]
[BlackElo "1853"]
[PlyCount "95"]
[EventDate "2020.03.06"]
[WhiteTeam "USA3"]
[BlackTeam "NOR2"]

{[%evp 0,46,20,20,18,35,34,4,6,6,43,11,8,6,49,30,44,19,23,43,37,58,66,53,53,16,
51,22,47,44,48,46,61,52,54,38,53,45,45,-7,9,9,13,-22,-27,-24,-8,-63,-19]} 1.
Nf3 Nf6 2. d4 d5 3. c4 e6 4. Nc3 Bb4 5. a3 Bxc3+ 6. bxc3 c6 7. e3 O-O 8. Bd3
dxc4 9. Bxc4 b6 10. Qe2 a5 11. a4 Ba6 12. Ne5 Qc7 13. O-O Rd8 14. Rb1 Ne4 15.
Qc2 Nd6 16. Bxa6 Rxa6 17. c4 f6 18. Nd3 c5 19. dxc5 bxc5 20. Ba3 Rc6 21. Rfc1
Na6 22. Nf4 Qf7 23. Qe2 Nb4 24. h4 e5 25. Nh5 Ne4 26. Rd1 Re8 27. Bb2 g6 28.
Ng3 Nxg3 29. fxg3 e4 30. g4 Qe7 31. Bc3 Rd8 32. Rxd8+ Qxd8 33. Rd1 Nd3 34. Qd2
Ra6 35. Qc2 Qe7 36. Qd2 Qe6 37. g5 fxg5 38. hxg5 Qxc4 39. Rb1 Qxa4 40. Rb8+ Kf7
41. Rb7+ Ke8 42. Qe2 Qc4 43. Qf1 a4 44. Rb8+ Kd7 45. Qf8 Qxc3 46. Qe8+ Kd6 47.
Rd8+ Kc7 48. Qd7+ 1-0

[Event "FIDE World Senior Team Championship 2020"]
[Site "Olympik hotel, Sokolovska 138,"]
[Date "2020.03.08"]
[Round "3.18"]
[White "Harstad, Christian"]
[Black "Jhunjhnuwala, Suresh"]
[Result "1/2-1/2"]
[WhiteElo "1854"]
[BlackElo "1864"]
[PlyCount "95"]
[EventDate "2020.03.06"]
[WhiteTeam "NOR2"]
[BlackTeam "USA3"]

1. d4 d5 2. c4 c6 3. Nf3 Nf6 4. Nc3 Bf5 5. Qb3 Bc8 6. cxd5 Nxd5 7. e4 Nxc3 8.
bxc3 e6 9. Be2 Be7 10. Be3 Nd7 11. e5 c5 12. d5 exd5 13. Qxd5 Nb6 14. Qe4 Qd5
15. Qf4 h6 16. O-O O-O 17. Rfd1 Qe6 18. Bd3 Qg4 19. Qe4 Qxe4 20. Bxe4 Rb8 21.
Nd2 Na4 22. Rdc1 b5 23. f4 Rd8 24. Nb3 Bb7 25. Bxb7 Rxb7 26. c4 Rd3 27. Bf2 b4
28. Kf1 Rc7 29. Rd1 Rcd7 30. Rxd3 Rxd3 31. Ke2 Rc3 32. Rc1 Rxc1 33. Nxc1 Nc3+
34. Kd3 Kf8 35. Nb3 Na4 36. f5 Ke8 37. f6 gxf6 38. exf6 Bd6 39. Be3 Kd7 40.
Bxh6 Bxh2 41. Bc1 Ke6 42. a3 bxa3 43. Bxa3 Bd6 44. Ke4 Nc3+ 45. Kd3 Na4 46. Ke4
Nc3+ 47. Kd3 Na4 48. Ke4 1/2-1/2

[Event "FIDE World Senior Team Championship 2020"]
[Site "Olympik hotel, Sokolovska 138,"]
[Date "2020.03.08"]
[Round "3.19"]
[White "Vltavsky, Vladimir"]
[Black "Schulz, Petra"]
[Result "1-0"]
[WhiteElo "2212"]
[BlackElo "2027"]
[PlyCount "45"]
[EventDate "2020.03.06"]
[WhiteTeam "CZE4"]
[BlackTeam "GERW2"]

1. e4 e6 2. d4 d5 3. e5 c5 4. c3 Qb6 5. Nf3 Nc6 6. Be2 cxd4 7. cxd4 Nh6 8. Bxh6
Qxb2 9. Nbd2 gxh6 10. O-O Nxd4 11. Nxd4 Qxd4 12. Bb5+ Kd8 13. Qe2 a6 14. Bd3
Bd7 15. Rab1 b5 16. Nb3 Qa4 17. f4 Rc8 18. Rbd1 Rc3 19. f5 Bc5+ 20. Kh1 Bb6 21.
Qd2 Rc7 22. Qxh6 Qg4 23. Qf6+ 1-0

[Event "FIDE World Senior Team Championship 2020"]
[Site "Olympik hotel, Sokolovska 138,"]
[Date "2020.03.08"]
[Round "3.19"]
[White "Sommaro, Katja"]
[Black "Marsalek, Zdenek"]
[Result "1/2-1/2"]
[WhiteElo "2075"]
[BlackElo "2177"]
[PlyCount "39"]
[EventDate "2020.03.06"]
[WhiteTeam "GERW2"]
[BlackTeam "CZE4"]

1. c4 c6 2. Nf3 Nf6 3. e3 d5 4. d4 e6 5. Nc3 Nbd7 6. Bd3 Bd6 7. e4 dxc4 8. Bxc4
e5 9. dxe5 Nxe5 10. Nxe5 Bxe5 11. Qxd8+ Kxd8 12. Bxf7 Bxc3+ 13. bxc3 Nxe4 14.
f3 Rf8 15. Bc4 Nd6 16. Bg5+ Kc7 17. Bb3 h6 18. Be3 Be6 19. O-O Rae8 20. Rfe1
1/2-1/2

[Event "FIDE World Senior Team Championship 2020"]
[Site "Olympik hotel, Sokolovska 138,"]
[Date "2020.03.08"]
[Round "3.19"]
[White "Zahorbensky, Jaroslav"]
[Black "Leib, Britta"]
[Result "1-0"]
[WhiteElo "2098"]
[BlackElo "1908"]
[PlyCount "81"]
[EventDate "2020.03.06"]
[WhiteTeam "CZE4"]
[BlackTeam "GERW2"]

{[%evp 0,34,20,42,36,34,36,34,37,49,59,64,64,43,69,77,73,73,77,74,90,83,78,68,
65,60,60,45,60,41,91,34,57,33,74,52,80]} 1. e4 e6 2. d4 d5 3. Nd2 dxe4 4. Nxe4
Bd7 5. Nf3 Bc6 6. Bd3 Bxe4 7. Bxe4 c6 8. O-O Nf6 9. Bd3 Be7 10. c4 Nbd7 11. Qc2
O-O 12. Rd1 Qc7 13. Bg5 Rfe8 14. Rac1 g6 15. Bf1 Rad8 16. g3 Bf8 17. Bh3 Rc8
18. a3 h6 19. Bf4 Qd8 20. Ne5 Bg7 21. b4 Nh5 22. Be3 Qc7 23. f4 Nhf6 24. Kh1 h5
25. Qe2 b6 26. Bg2 c5 27. Nxd7 Nxd7 28. dxc5 bxc5 29. b5 Red8 30. Rd3 Nf6 31.
Rcd1 Ng4 32. Rxd8+ Rxd8 33. Rxd8+ Qxd8 34. Bxc5 Qc7 35. Bc6 a6 36. Qd2 axb5 37.
cxb5 Bf6 38. a4 Bd8 39. a5 Qb8 40. b6 Nf6 41. Qd6 1-0

[Event "FIDE World Senior Team Championship 2020"]
[Site "Olympik hotel, Sokolovska 138,"]
[Date "2020.03.08"]
[Round "3.19"]
[White "Nobis, Martina"]
[Black "Sykora, Ondrej"]
[Result "1/2-1/2"]
[WhiteElo "1860"]
[BlackElo "2048"]
[PlyCount "79"]
[EventDate "2020.03.06"]
[WhiteTeam "GERW2"]
[BlackTeam "CZE4"]

{[%evp 0,18,20,36,42,42,38,22,8,-1,33,-2,12,-30,5,-28,30,9,52,44,34]} 1. e4 e5
2. Nf3 Nc6 3. Bb5 a6 4. Ba4 d6 5. c3 Bd7 6. d3 g6 7. Nbd2 Nh6 8. Nf1 Qe7 9. b4
Bg7 10. Ne3 Nb8 11. Nd5 Qd8 12. Bg5 Qc8 13. Nf6+ Kf8 14. Nxd7+ Nxd7 15. Qd2 Ng8
16. Bb3 h6 17. Be3 Ngf6 18. h3 Qe8 19. O-O Kg8 20. Nh4 Kh7 21. a3 Rf8 22. Rae1
Ng8 23. d4 Rd8 24. g3 Ndf6 25. Bc2 Qe6 26. d5 Qd7 27. Kh2 Kh8 28. c4 Nh7 29.
Rg1 Bf6 30. Nf3 Bg7 31. Kg2 g5 32. Rh1 Ne7 33. Qd3 Ng6 34. Nh2 Nf6 35. Rd1 Ra8
36. Ng4 Nh7 37. Nh2 Nf6 38. Ng4 Nh7 39. Nh2 Nf6 40. Ng4 1/2-1/2